Statistics for FA Cup Winners by Year

Click here to take the quiz!

General Stats

  • This quiz has been taken 63 times
  • The average score is 45 of 135

Answer Stats

Year Winner % Correct
2016Manchester United
58%
1999Manchester United
55%
2015Arsenal
55%
2014Arsenal
55%
1985Manchester United
52%
1992Liverpool
52%
1994Manchester United
52%
1996Manchester United
52%
2012Chelsea
48%
1989Liverpool
48%
2001Liverpool
48%
2000Chelsea
48%
2010Chelsea
48%
1980West Ham United
48%
2013Wigan Athletic
48%
1987Coventry City
48%
1993Arsenal
48%
1988Wimbledon
48%
1991Tottenham Hotspur
48%
1990Manchester United
48%
1977Manchester United
45%
1979Arsenal
45%
1983Manchester United
45%
1986Liverpool
45%
2007Chelsea
45%
2006Liverpool
45%
2011Manchester City
45%
1995Everton
45%
1873Wanderers
45%
1997Chelsea
45%
1998Arsenal
45%
2004Manchester United
45%
2005Arsenal
45%
1974Liverpool
45%
1872Wanderers
45%
2002Arsenal
42%
2003Arsenal
42%
1984Everton
42%
2008Portsmouth
42%
2009Chelsea
42%
1976Southampton
42%
1901Tottenham Hotspur
39%
1973Sunderland
39%
1970Chelsea
39%
1972Leeds United
39%
1981Tottenham Hotspur
39%
1978Ipswich Town
39%
1982Tottenham Hotspur
39%
1966Everton
36%
1961Tottenham Hotspur
36%
1975West Ham United
36%
1971Arsenal
36%
1965Liverpool
33%
1875Royal Engineers
33%
1964West Ham United
33%
1962Tottenham Hotspur
33%
1923Bolton Wanderers
33%
1953Blackpool
33%
1900Bury
30%
1904Manchester City
30%
1963Manchester United
30%
1960Wolverhampton Wanderers
30%
1955Newcastle United
30%
1952Newcastle United
30%
1967Tottenham Hotspur
30%
1950Arsenal
30%
1888West Bromwich Albion
30%
1909Manchester United
30%
1874Oxford University
30%
1876Wanderers
30%
1877Wanderers
30%
1884Blackburn Rovers
30%
1885Blackburn Rovers
30%
1886Blackburn Rovers
30%
1883Blackburn Olympic
30%
1889Preston North End
30%
1957Aston Villa
27%
1881Old Carthusians
27%
1906Everton
27%
1910Newcastle United
27%
1892West Bromwich Albion
27%
1899Sheffield United
27%
1878Wanderers
27%
1879Old Etonians
27%
1898Nottingham Forest
27%
1921Tottenham Hotspur
27%
1927Cardiff City
27%
1968West Bromwich Albion
27%
1882Old Etonians
27%
1948Manchester United
27%
1890Blackburn Rovers
27%
1894Notts County
27%
1887Aston Villa
27%
1956Manchester City
27%
1959Nottingham Forest
27%
1947Charlton Athletic
27%
1897Aston Villa
24%
1895Aston Villa
24%
1880Clapham Rovers
24%
1896Sheffield Wednesday
24%
1891Blackburn Rovers
24%
1893Wolverhampton Wanderers
24%
1907Sheffield Wednesday
24%
1902Sheffield United
24%
1951Newcastle United
24%
1915Sheffield United
24%
1903Bury
24%
1933Everton
24%
1922Huddersfield Town
24%
1954West Bromwich Albion
24%
1958Bolton Wanderers
24%
1905Aston Villa
24%
1969Manchester City
24%
1908Wolverhampton Wanderers
24%
1912Barnsley
21%
1920Aston Villa
21%
1935Sheffield Wednesday
21%
1934Manchester City
21%
1911Bradford City
21%
1939Portsmouth
21%
1930Arsenal
21%
1914Burnley
21%
1946Derby County
21%
1926Bolton Wanderers
21%
1925Sheffield United
21%
1924Newcastle United
21%
1936Arsenal
21%
1913Aston Villa
18%
1932Newcastle United
18%
1928Blackburn Rovers
18%
1929Bolton Wanderers
18%
1931West Bromwich Albion
18%
1937Sunderland
18%
1938Preston North End
18%
1949Wolverhampton Wanderers
18%

Score Distribution

Percentile by Number Answered

Percent of People with Each Score

Your Score History

You have not taken this quiz